Rozliate mlieko, clá a licencie...
Riaditeľ licenčno-registračného odboru Ministerstva hospodárstva SR Ing. Ladislav Sandtner o regulácii prílevu zahraničného tovaru ekonomickými nástrojmi (colná politika, dovozné limity, dovozné prirážky) a využívaní systému ochrany domáceho trhu. Priveľmi liberálne tarifné a netarifné systémy ochra...
Saved in:
| Main Author: | |
|---|---|
| Other Authors: | |
| Format: | Book Chapter |
| Language: | Slovak |
| Subjects: | |
| Tags: |
No Tags, Be the first to tag this record!
|
MARC
| LEADER | 00000naa a2200000 4500 | ||
|---|---|---|---|
| 001 | r024419 | ||
| 005 | 20221205102039.3 | ||
| 041 | 0 | |a slo | |
| 044 | |a SK | ||
| 245 | 1 | 0 | |a Rozliate mlieko, clá a licencie... |c L. Sandtner, P. Višváder |
| 520 | |a Riaditeľ licenčno-registračného odboru Ministerstva hospodárstva SR Ing. Ladislav Sandtner o regulácii prílevu zahraničného tovaru ekonomickými nástrojmi (colná politika, dovozné limity, dovozné prirážky) a využívaní systému ochrany domáceho trhu. Priveľmi liberálne tarifné a netarifné systémy ochrany v porovnaní so susednými krajinami alebo v rámci EÚ. Nízko stanovené kritériá na dovoz, ich sprísnenie by bolo v rozpore s medzinárodnými trendmi v obchodovaní. Ochrana trhu zásadami obchodovania v rámci GATT. Tok tovaru v rámci colnej únie s Českom. Udeľovanie vývozných licencií. | ||
| 610 | 2 | 0 | |a Slovensko |
| 610 | 2 | 0 | |a Česko |
| 610 | 2 | 0 | |a 1993 |
| 610 | 2 | 0 | |a 1994 |
| 610 | 2 | 0 | |a politika colná |
| 610 | 2 | 0 | |a ochrana colná |
| 610 | 2 | 0 | |a dovoz |
| 610 | 2 | 0 | |a vývoz |
| 610 | 2 | 0 | |a GATT |
| 610 | 2 | 0 | |a clá dovozné |
| 610 | 2 | 0 | |a licencie |
| 610 | 2 | 0 | |a prirážky cenové |
| 100 | 1 | |a Sandtner, L. | |
| 700 | 1 | |a Višváder, P. | |